00368pab a2200133 454500008004000000100001600040245008400056260000900140300001400149362000800163650001100171700002100182773003100203180718b2007 xxu||||| |||| 00| 0 eng d aOrr, Marion aCitizen evaluations of local police: personal experience or symbolic attitudes? c2007 ap.649-68. aJan aPolice aWest, Darrell M. aAdministration and Society